| 000 | 00697nam a22002417a 4500 | ||
|---|---|---|---|
| 999 |
_c4555 _d4555 |
||
| 003 | AR-CdUCM | ||
| 008 | 190311b ||||| |||| 00| 0 eng d | ||
| 020 | _a84-8280-106-6 | ||
| 040 |
_aMUNICIPALIDAD PROVINCIAL DEL CUSCO _cBIBLIOTECA MUNICIPAL DEL CUSCO |
||
| 082 |
_a868.949 / _bAM52 |
||
| 100 |
_aAmado, Jorge _914245 |
||
| 245 | _aJubiabá / | ||
| 260 |
_aBogota : _bLa Oveja Negra, _c1983. |
||
| 300 |
_a304 paginas ; _c18cm. |
||
| 440 |
_aHistoria Universal de la Literatura _n37 _914246 |
||
| 500 | _aNovelas | ||
| 650 |
_aNovelas Brasileñas _914247 |
||
| 650 |
_aSiglo XX _98 |
||
| 650 |
_aLiteratura _983 |
||
| 700 |
_aLosada, Basilio _98053 |
||
| 942 |
_2ddc _cLIBROS |
||
| 945 | _apjha | ||